Program podpory rozvoja cestovného ruchu v Slovenskej republike č. 5

Cieľ, vyhlasovateľ a vykonávateľ programu. Príjemca štátnej pomoci. Forma a výška štátnej pomoci. Zameranie a vylúčenie projektov. Postup pri podaní žiadosti. Rozhodnutie a vyplatenie finančného príspevku. Povinnosti príjemcu štátnej pomoci. Záverečné ustanovenia.

Saved in:
Bibliographic Details
Main Author: Obdržálek, Vladimír
Format: Book Chapter
Language:Slovak
Subjects:
Tags: Add Tag
No Tags, Be the first to tag this record!

MARC

LEADER 00000naa a2200000 4500
001 r041706
005 20230426124217.4
041 0 |a slo 
044 |a SK 
245 1 0 |a Program podpory rozvoja cestovného ruchu v Slovenskej republike č. 5  |c Vladimír Obdržálek 
520 |a Cieľ, vyhlasovateľ a vykonávateľ programu. Príjemca štátnej pomoci. Forma a výška štátnej pomoci. Zameranie a vylúčenie projektov. Postup pri podaní žiadosti. Rozhodnutie a vyplatenie finančného príspevku. Povinnosti príjemcu štátnej pomoci. Záverečné ustanovenia. 
610 2 0 |a ruch cestovný 
610 2 0 |a ruch cestovný domáci 
610 2 0 |a pomoc štátna 
610 2 0 |a projekty 
610 2 0 |a Slovensko 
100 1 |a Obdržálek, Vladimír